LES 20 CLUBS DE FOOTBALL LES PLUS TITRÉS AU MONDE - Statistiques

Statistiques générales
  • Ce quiz a été pris 128 fois
  • Le résultat moyen est 10 sur 20
Statistiques - réponses
Indice Réponse % Correct
ESPAGNE REAL MADRID
91%
ESPAGNE BARCELONE
82%
ITALIE JUVENTUS
81%
ALLEMAGNE BAYERN MUNICH
80%
ANGLETERRE MANCHESTER UNITED
80%
PORTUGAL BENFICA
77%
PAYS-BAS AJAX
75%
PORTUGAL PORTO
75%
ANGLETERRE LIVERPOOL
74%
ECOSSE CELTIC
73%
TURQUIE GALATASARAY
68%
BELGIQUE ANDERLECHT
49%
ARGENTINE BOCA JUNIORS
49%
GRÈCE OLYMPIACOS
10%
ECOSSE RANGERSFC
4%
EGYPTE CLUB SPORTIF D'AL AHLY
3%
URUGUAY CLUB NATIONAL DE FOOTBALL
2%
JORDANIE AL-FAISALY
1%
URUGUAY ATLÉTICO PEÑAROL
1%
ROUMANIE CLUB DE FOOTBALL STEAUA BUCAREST
1%
Aucun quiz correspondant
Distribution des résultats
% des personnes avec chaque résultat
Percentile par nombre de réponses
Votre historique - résultats
Vous n’avez pas pris ce quiz